000 00472nam a22001937a 4500
003 MPLRDC
005 20220104113941.0
008 210129b ||||| |||| 00| 0 eng d
020 _a957-9525-60-9
082 _a848.3 XX-2 v.1 c.2
100 _a西西编
245 _a红高粱
_c
250 _a七版
260 _a
_b洪范书店有限公司
_c1990
300 _b
490 _a洪范文学丛书;178
650 _a现代别集
942 _cBK
_o848.3 XX-2 v.1 c.2
999 _c3633
_d3623